| LEADER 00000nam 2200000uu 4500 |
| 001 13399129003 |
| 003 ULIBM |
| 008 140320s2553||||th 000 0 tha d |
| 099 ^aว ผม.มธ. 46 2553 |
| 100 0 ^aรักเกียรติ ดีดพิณ. |
| 245 10 ^aการเสนอแนะแนวทางการฟื้นฟูและพัฒนาชุมชนตลาดบางแก้ว อำเภอบางแก้ว จังหวัดพัทลุง /^cรักเกียรติ ดีดพิณ. |
| 246 15 ^aApproach to community conservation and development on Bang Kaew Community, Amphur Bang Kaew, Phatthalung |
| 260 ^aปทุมธานี :^bคณะสถาปัตยกรรมศาสตร์และการผังเมือง มหาวิทยาลัยธรรมศาสตร์ ,^c2553. |
| 300 ^aก-ญ, 168 แผ่น :^bตาราง ;^c29 ซม. |
| 502 ^aวิทยานิพนธ์การผังเมืองบัณฑิต. |
| 650 7 ^aการพัฒนาชุมชน^zพัทลุง. |
| 650 7 ^aการฟื้นฟูชุมชน. |
| 650 7 ^aตลาดบางแก้ว. |
| 856 ^uhttps://digital.library.tu.ac.th/tu_dc/frontend/Info/item/dc:339118 ^zเอกสารฉบับเต็ม (ดูรายบทคลิกที่ Bookmarks) |
| 999 ^aปวีนา ภู่ทอง |